1643 1599 1890 1712 1323 1225 1913 1241 1516 1036 1190 1640 1192 1468 1719 1622 1934 1854 1269 1560 1764 1595 1684 1603 1720 1537 1342 1891 1041 1338 1567 1121 1180 1323 1540 1042 1668 1981 1474 1551 1222 1105 1264 1099 1355 1066 1398 1423 1161 1028 1629 1004 1709 1649 1569 1377 1286 1356 1478 1858 1894 1756 1110 1870 1925 1973 1970 1851 1963 1861 1698 1322 1720 1536 1133 1030 1317 1318 1964 1700 1086 1442 1650 1734 1792 1144 1832 1475 1144 1749 1404 1305 1565 1149 1812 1417 1521 1955 1152 BCNSPRNW ULIB Ver.6.0+V

เปลี่ยนเป็นภาษาไทย

Change to English
 แสดงรายละเอียดบรรณานุกรม
  กลับหน้าหลัก

Brief Record : Get Marc (ISO 2709) : E-mail record : QR code < ปิดหน้าต่าง
LEADER : 00000nam 2200000uu 4500
001    13399129185
003     ULIB
008    260422s2569||||th 000 0 tha d
020    ^a9789749261354
060 04 ^aQV55^bป445ค
100 0  ^aปราณี ทู้ไพเราะ
245 10 ^aคู่มือยา =^bHandbook of drugs /^cปราณี ทู้ไพเราะ
246 31 ^aHandbook of drugs
250    ^aพิมพ์ครั้งที่ 16 (ปรับปรุงครั้งที่ 11)
260    ^aกรุงเทพฯ :^bภาควิชาการพยาบาลอายุรศาสตร์ คณะพยาบาลศาสตร์มหาวิทยาลัยมหิดล,^c2569
300    ^a630 หน้า :^bภาพประกอบ ;^c21 ซม.
650  7 ^aเภสัชวิทยา
650  7 ^aยา^vคู่มือ
650  7 ^aการใช้ยา
710 2  ^aมหาวิทยาลัยมหิดล. ^bคณะพยาบาลศาสตร์.^bภาควิชาการพยาบาลอายุรศาสตร์
999    ^aประนอม เกษจรัล
รายการนี้ยังไม่มีแท็ก
คุณยังไม่ได้ล็อกอิน คุณสามารถมีกิจกรรมร่วมกับเว็บไซต์ได้ แต่ต้องล็อกอินก่อน ::
  ล็อกอิน

รายการสื่อสารสนเทศ

ลำดับที่ ประเภท เลขเรียก/บาร์โค้ด สถานที่ สถานะ
1. วิทยาศาสตร์การแพทย์ และสุขภาพ
หนังสือสำรอง
สถานะ=หนังสือสำรอง
QV55 ป445ค ฉ.1 
  Barcode: 012066
ห้องสมุดวิทยาเขตสวรรค์ประชารักษ์
►หนังสือทั่วไป
บนชั้น
2. วิทยาศาสตร์การแพทย์ และสุขภาพ
วิทยาศาสตร์การแพทย์ และสุขภาพ
QV55 ป445ค ฉ.2 
  Barcode: 012067
ห้องสมุดวิทยาเขตสวรรค์ประชารักษ์
►หนังสือทั่วไป
บนชั้น
3. วิทยาศาสตร์การแพทย์ และสุขภาพ
วิทยาศาสตร์การแพทย์ และสุขภาพ
QV55 ป445ค ฉ.3 
  Barcode: 012068
ห้องสมุดวิทยาเขตสวรรค์ประชารักษ์
►หนังสือทั่วไป
บนชั้น
4. วิทยาศาสตร์การแพทย์ และสุขภาพ
วิทยาศาสตร์การแพทย์ และสุขภาพ
QV55 ป445ค ฉ.4 
  Barcode: 012069
ห้องสมุดวิทยาเขตสวรรค์ประชารักษ์
►หนังสือทั่วไป
บนชั้น
5. วิทยาศาสตร์การแพทย์ และสุขภาพ
วิทยาศาสตร์การแพทย์ และสุขภาพ
QV55 ป445ค ฉ.5 
  Barcode: 012070
ห้องสมุดวิทยาเขตสวรรค์ประชารักษ์
►หนังสือทั่วไป
บนชั้น

รายการใกล้เคียง
    ผู้แต่ง [ปราณี ทู้ไพเราะ]

    หัวเรื่อง [เภสัชวิทยา]
    หัวเรื่อง [การใช้ยา]

BibComment


ยังไม่เคยถูกคอมเมนท์

คอมเมนท์ทรัพยากรรายการนี้
  คอมเมนท์: คู่มือยา Handbo..


 Copyright 2026. Bcnsprnw @Library